[Event "Pion Frigant U2000"]
[Site "Contrecoeur CAN"]
[Date "2023.10.07"]
[Round "3.24"]
[White "Kiryakov, Marin"]
[Black "Duplessis, Jean-Roch"]
[Result "1/2-1/2"]
[WhiteElo "1695"]
[BlackElo "1619"]
[PlyCount "78"]
[EventDate "2023.10.06"]
[EventType "swiss"]
[EventRounds "5"]
[EventCountry "CAN"]

1. e4 c5 2. Nf3 Nc6 3. Bb5 Nd4 4. Nxd4 cxd4 5. c3 a6 6. Bd3 e5 7. cxd4 exd4 8.
O-O Ne7 9. f4 d5 10. e5 g6 11. Qa4+ Nc6 12. f5 Bxf5 13. Bxf5 gxf5 14. d3 Qd7
15. Re1 O-O-O 16. Bg5 Be7 17. Bxe7 Qxe7 18. Nd2 Qb4 19. Qxb4 Nxb4 20. Nf3 Nxd3
21. Red1 Nf4 22. Nxd4 Rhe8 23. Nf3 Ng6 24. Re1 Re7 25. Rad1 h6 26. Nd4 Rxe5 27.
Rxe5 Nxe5 28. Nxf5 d4 29. Rxd4 Rxd4 30. Nxd4 Kd7 31. Kf1 Nd3 32. b3 h5 33. a4
Kd6 34. Ke2 Nc1+ 35. Kd2 Kd5 36. Kc3 a5 37. g3 b6 38. h3 Na2+ 39. Kd3 Nc1+
1/2-1/2

[Event "Pion Frigant U2000"]
[Site "Contrecoeur CAN"]
[Date "2023.10.07"]
[Round "3.25"]
[White "Porlier, Xavier"]
[Black "Marcouiller, David"]
[Result "1/2-1/2"]
[WhiteElo "1557"]
[BlackElo "1778"]
[PlyCount "122"]
[EventDate "2023.10.06"]
[EventType "swiss"]
[EventRounds "5"]
[EventCountry "CAN"]

1. e4 c5 2. Nc3 d6 3. f4 Nc6 4. Nf3 g6 5. Bb5 Bd7 6. d3 Bg7 7. O-O Nf6 8. Qe1
O-O 9. Qh4 e6 10. Bxc6 Bxc6 11. f5 exf5 12. exf5 Nh5 13. Bg5 Bf6 14. Bxf6 Qxf6
15. fxg6 hxg6 16. Ng5 Qg7 17. Ne2 Rae8 18. Rae1 f6 19. Nf3 Qd7 20. h3 Re3 21.
Ng3 Rxe1 22. Nxe1 Nxg3 23. Qxg3 Kg7 24. Nf3 Bxf3 25. Rxf3 Re8 26. h4 Re5 27.
Re3 Qe6 28. Rxe5 dxe5 29. Qf3 Qd7 30. Kf1 b5 31. Qa8 c4 32. Ke2 Qg4+ 33. Qf3
cxd3+ 34. cxd3 Qd7 35. Kd2 f5 36. Kc2 Qc7+ 37. Kd2 Qc5 38. a3 a5 39. h5 b4 40.
axb4 Qxb4+ 41. Kc2 a4 42. hxg6 Qb3+ 43. Kc1 Kxg6 44. Qg3+ Kf6 45. Qf3 Qb5 46.
Qg3 Qc5+ 47. Kd2 Qd4 48. Kc1 a3 49. bxa3 Qc3+ 50. Kd1 Qa1+ 51. Ke2 Qb2+ 52. Kd1
Qxa3 53. Qh3 Qa1+ 54. Kd2 Qb2+ 55. Kd1 Qf2 56. Qh6+ Ke7 57. Qg7+ Ke6 58. Qg6+
Kd7 59. Qf7+ Kd6 60. Qf6+ Kd5 61. Qf7+ Kd6 1/2-1/2

[Event "Pion Frigant U2000"]
[Site "Contrecoeur CAN"]
[Date "2023.10.08"]
[Round "4.11"]
[White "Guillemette, Thomas"]
[Black "Chouchane, Amine"]
[Result "1-0"]
[WhiteElo "1771"]
[BlackElo "1957"]
[PlyCount "91"]
[EventDate "2023.10.06"]
[EventType "swiss"]
[EventRounds "5"]
[EventCountry "CAN"]

1. e4 c5 2. c3 e6 3. d4 d5 4. exd5 exd5 5. Be3 cxd4 6. Bxd4 Nc6 7. Be3 Nf6 8.
Be2 Be7 9. Nf3 O-O 10. O-O Re8 11. Nd4 h6 12. Nd2 Bd6 13. N2f3 Ng4 14. Nc2 Bf5
15. Bd3 Qf6 16. h3 Bxd3 17. Qxd3 Nce5 18. Nxe5 Nxe5 19. Qxd5 Nc6 20. Nd4 Rad8
21. Qb5 Re7 22. Rfe1 Red7 23. Qf5 Qh4 24. Qg4 Qxg4 25. hxg4 Ne5 26. f3 Nc4 27.
Re2 Nxe3 28. Rxe3 Bc5 29. Rae1 Bxd4 30. cxd4 Rxd4 31. Re8+ Rxe8 32. Rxe8+ Kh7
33. Re7 Rb4 34. b3 Kg6 35. Kf2 Kf6 36. Rd7 Ke6 37. Rc7 a5 38. Ke3 a4 39. Rc4
Rxc4 40. bxc4 Kd6 41. Kd4 b6 42. a3 g6 43. Kc3 Ke5 44. g3 f6 45. Kd3 g5 46. Ke3
1-0

[Event "Pion Frigant U2000"]
[Site "Contrecoeur CAN"]
[Date "2023.10.08"]
[Round "4.12"]
[White "Crete, Mathys"]
[Black "Couture, Jonathan"]
[Result "1-0"]
[WhiteElo "1796"]
[BlackElo "1830"]
[PlyCount "67"]
[EventDate "2023.10.06"]
[EventType "swiss"]
[EventRounds "5"]
[EventCountry "CAN"]

1. d4 d5 2. c4 e6 3. Nf3 c6 4. e3 Nf6 5. Nc3 b6 6. Be2 Be7 7. O-O O-O 8. b3 Bb7
9. Bb2 Nbd7 10. Rc1 Rc8 11. Re1 Qc7 12. cxd5 exd5 13. Bd3 c5 14. e4 dxe4 15.
Nxe4 Nxe4 16. Bxe4 Bxe4 17. Rxe4 Bf6 18. Re2 Qb7 19. Ba3 Qa6 20. Bb2 cxd4 21.
Rxc8 Rxc8 22. Bxd4 Bxd4 23. Nxd4 Nf6 24. Nc6 Nd5 25. Rd2 Rxc6 26. Rxd5 h6 27.
Rd8+ Kh7 28. Qb1+ g6 29. Qb2 f6 30. Rd7+ Kg8 31. Qd2 Re6 32. Rd8+ Kf7 33. Qd7+
Re7 34. Qd5+ 1-0

[Event "Pion Frigant U2000"]
[Site "Contrecoeur CAN"]
[Date "2023.10.08"]
[Round "4.13"]
[White "Scott, Benjamin"]
[Black "Bouchard, Jean-Marc"]
[Result "0-1"]
[WhiteElo "1637"]
[BlackElo "1775"]
[PlyCount "120"]
[EventDate "2023.10.06"]
[EventType "swiss"]
[EventRounds "5"]
[EventCountry "CAN"]

1. d4 d5 2. Nf3 e6 3. Bf4 c6 4. e3 f5 5. c4 Nf6 6. Nc3 Be7 7. Bd3 Ne4 8. Qc2
Nd7 9. h3 Ndf6 10. O-O O-O 11. Rac1 Bd7 12. cxd5 exd5 13. a3 Be6 14. b4 Nxc3
15. Qxc3 a6 16. a4 Ne4 17. Qb2 g5 18. Bh2 Qe8 19. Rc2 Rc8 20. Rfc1 g4 21. hxg4
fxg4 22. Ne5 g3 23. Bxg3 Nxg3 24. fxg3 Bg5 25. Re1 Rf6 26. e4 Qh5 27. Nf3 Rcf8
28. Rf2 Rh6 29. Kf1 dxe4 30. Bxe4 Bc4+ 31. Ree2 Be3 32. Ke1 Bxe2 33. Qb3+ Kg7
34. Qxe3 Bc4 35. Nh4 Rxf2 36. Kxf2 Rf6+ 37. Kg1 Bd5 38. Bf3 Qf7 39. Kf2 h6 40.
Kg1 Qe6 41. Qd2 Qd6 42. Kf2 Kf8 43. Qc3 Be6 44. Qd2 Bg4 45. Qc3 h5 46. Qd2 Ke8
47. Qc3 Kd8 48. Qd2 Kc7 49. Qc3 Kb8 50. Qb2 Rf8 51. b5 axb5 52. axb5 cxb5 53.
Qd2 b4 54. Qd3 Rd8 55. Bxg4 hxg4 56. Ng6 Qxd4+ 57. Qxd4 Rxd4 58. Ke3 Rc4 59.
Kd2 b3 60. Ne5 b2 0-1

[Event "Pion Frigant U2000"]
[Site "Contrecoeur CAN"]
[Date "2023.10.08"]
[Round "4.14"]
[White "Peloquin, Charli"]
[Black "Roy, Stephane"]
[Result "1-0"]
[WhiteElo "1870"]
[BlackElo "1634"]
[PlyCount "49"]
[EventDate "2023.10.06"]
[EventType "swiss"]
[EventRounds "5"]
[EventCountry "CAN"]

1. e4 e5 2. Nf3 Nc6 3. Bb5 d6 4. c3 Nf6 5. d4 exd4 6. cxd4 Bd7 7. Nc3 h6 8. e5
Nh7 9. Qd3 Nb4 10. Qe4 d5 11. Qb1 Bxb5 12. Nxb5 Qd7 13. Nc3 Qg4 14. Ke2 O-O-O
15. a3 Nc6 16. Be3 Ng5 17. h3 Qxg2 18. Nxg5 hxg5 19. Qf5+ Kb8 20. Rag1 g6 21.
Qxf7 Qxg1 22. Rxg1 Rxh3 23. Nxd5 Bh6 24. Qxc7+ Ka8 25. e6 1-0

[Event "Pion Frigant U2000"]
[Site "Contrecoeur CAN"]
[Date "2023.10.08"]
[Round "4.15"]
[White "Couture-Harpin, Nicolas"]
[Black "Democri, Fardin"]
[Result "1-0"]
[WhiteElo "1746"]
[BlackElo "1739"]
[PlyCount "93"]
[EventDate "2023.10.06"]
[EventType "swiss"]
[EventRounds "5"]
[EventCountry "CAN"]

1. Nf3 Nf6 2. g3 d5 3. Bg2 c5 4. O-O Nc6 5. d4 e6 6. c4 cxd4 7. cxd5 Nxd5 8.
Nxd4 Bc5 9. Nxc6 bxc6 10. Qc2 Qb6 11. a3 Ba6 12. b4 Bd4 13. Bb2 O-O 14. Ra2 c5
15. Bxd4 cxd4 16. Bxd5 exd5 17. Re1 Rfe8 18. Qd1 Re6 19. Nd2 Rae8 20. Nf3 d3
21. exd3 Rxe1+ 22. Nxe1 Qe6 23. Ng2 d4 24. Rc2 Bb7 25. Rc4 Qd5 26. f3 Ba6 27.
Nf4 Qe5 28. Rc2 Qe3+ 29. Kg2 g5 30. Nd5 Qe1 31. Nf6+ Kh8 32. Qd2 Re6 33. Ne4
Qe3 34. Nc5 Rh6 35. Qxe3 dxe3 36. Re2 Rd6 37. Rxe3 Bb5 38. h3 Rd5 39. Kf2 h5
40. g4 h4 41. Ke2 a5 42. Kd2 axb4 43. axb4 Kg7 44. Kc3 f5 45. Ne6+ Kg6 46. Nc7
f4 47. Re6+ 1-0

[Event "Pion Frigant U2000"]
[Site "Contrecoeur CAN"]
[Date "2023.10.08"]
[Round "4.16"]
[White "Brassard, Sylvain"]
[Black "Mangahas, Ronald"]
[Result "1/2-1/2"]
[WhiteElo "1739"]
[BlackElo "1873"]
[PlyCount "100"]
[EventDate "2023.10.06"]
[EventType "swiss"]
[EventRounds "5"]
[EventCountry "CAN"]

1. d4 Nf6 2. Nf3 g6 3. Bf4 d6 4. h3 c6 5. c3 Nbd7 6. e3 Bg7 7. Be2 O-O 8. O-O
Re8 9. Bh2 a5 10. c4 a4 11. a3 Qa5 12. Nc3 e5 13. Re1 exd4 14. exd4 d5 15. Ne5
Ne4 16. Nxe4 dxe4 17. Nxd7 Bxd7 18. Bd6 Qg5 19. Kh2 e3 20. f4 Qh4 21. Bf1 Bxh3
22. gxh3 Qf2+ 23. Kh1 Re6 24. Re2 Qg3 25. c5 Rae8 26. f5 Qf3+ 27. Bg2 Qxf5 28.
Qxa4 Qd3 29. Qd1 Qxd4 30. Qxd4 Bxd4 31. Rd1 Bg7 32. Rd3 Bxb2 33. Rb3 Bc1 34.
Rxb7 Bxa3 35. Bxc6 Rd8 36. Re7 Rxe7 37. Bxe7 Rd1+ 38. Kg2 Bxc5 39. Bxc5 Rc1 40.
Bd4 Rxc6 41. Rxe3 f6 42. Re7 h5 43. Rb7 Rd6 44. Bf2 Rd5 45. Rc7 Rd8 46. Be3 Rf8
47. Bh6 Rf7 48. Rxf7 Kxf7 49. Bd2 g5 50. Kf2 Kg6 1/2-1/2

[Event "Pion Frigant U2000"]
[Site "Contrecoeur CAN"]
[Date "2023.10.08"]
[Round "4.18"]
[White "Forget, Luc"]
[Black "Dufresne, Christophe"]
[Result "1-0"]
[WhiteElo "1756"]
[BlackElo "1745"]
[PlyCount "67"]
[EventDate "2023.10.06"]
[EventType "swiss"]
[EventRounds "5"]
[EventCountry "CAN"]

1. d4 d5 2. c4 c6 3. Nf3 Nf6 4. Nc3 e6 5. Bg5 Nbd7 6. e3 Qa5 7. Nd2 Bb4 8. Qc2
dxc4 9. Bxf6 Nxf6 10. Nxc4 Qc7 11. Be2 O-O 12. O-O Bd7 13. e4 Rac8 14. e5 Nd5
15. Ne4 Rcd8 16. Rac1 Nb6 17. Ne3 Be7 18. f4 f5 19. Nc5 Nd5 20. Qb3 Nxe3 21.
Qxe3 Bxc5 22. dxc5 Be8 23. Rcd1 Rxd1 24. Rxd1 Bd7 25. Bc4 Rf7 26. Rd6 Re7 27.
Qd3 Kf7 28. Qxf5+ Kg8 29. Qd3 Qa5 30. Qe3 Qb4 31. b3 g6 32. Rxd7 Rxd7 33. Bxe6+
Kf8 34. Bxd7 1-0

[Event "Pion Frigant U2000"]
[Site "Contrecoeur CAN"]
[Date "2023.10.08"]
[Round "4.19"]
[White "Pelletier, Arnaud"]
[Black "St-Germain, Jack"]
[Result "1/2-1/2"]
[WhiteElo "1710"]
[BlackElo "1603"]
[PlyCount "78"]
[EventDate "2023.10.06"]
[EventType "swiss"]
[EventRounds "5"]
[EventCountry "CAN"]

1. Nf3 d5 2. e3 c5 3. b3 Nf6 4. Bb2 Nc6 5. Bb5 Bd7 6. O-O e6 7. c4 Bd6 8. cxd5
exd5 9. d4 cxd4 10. Bxc6 bxc6 11. exd4 O-O 12. Ba3 Bg4 13. Bxd6 Qxd6 14. Qd3
Rfe8 15. Nc3 Ne4 16. Rfc1 Qf4 17. Na4 Re6 18. Qe3 Qxe3 19. fxe3 Bxf3 20. gxf3
Nd2 21. Kf2 Rf6 22. Ke2 Nxf3 23. Rf1 Nh4 24. Rxf6 gxf6 25. Rc1 Rc8 26. Nb2 Kf8
27. Nd3 Ke7 28. Nb4 Kd7 29. Rf1 a5 30. Nd3 Ke7 31. Rc1 Nf5 32. Rc5 Kd6 33. Rxa5
Re8 34. Kd2 Rxe3 35. Ra7 Rh3 36. Kc3 Rxh2 37. Rxf7 Ke6 38. Rc7 Kd6 39. Rf7 Ke6
1/2-1/2

[Event "Pion Frigant U2000"]
[Site "Contrecoeur CAN"]
[Date "2023.10.08"]
[Round "4.20"]
[White "Hudon, Paul"]
[Black "Berube, Maximilien"]
[Result "1/2-1/2"]
[WhiteElo "1669"]
[BlackElo "1915"]
[PlyCount "145"]
[EventDate "2023.10.06"]
[EventType "swiss"]
[EventRounds "5"]
[EventCountry "CAN"]

1. e4 c6 2. Nc3 d5 3. Nf3 dxe4 4. Nxe4 Nf6 5. Qe2 Na6 6. Nxf6+ gxf6 7. d4 Bf5
8. Nh4 Be6 9. Be3 Qa5+ 10. c3 O-O-O 11. Qc2 Nc7 12. Be2 Nd5 13. Bd2 Qc7 14. g3
Qd7 15. b4 Nb6 16. Bf4 Bd5 17. Nf3 Bc4 18. O-O h5 19. Bxc4 Nxc4 20. Qe2 Qd5 21.
h4 e6 22. a4 Bd6 23. Bxd6 Nxd6 24. Rfb1 Qc4 25. Qxc4 Nxc4 26. Rc1 Nd6 27. Nd2
Rhg8 28. Re1 Rg4 29. Re2 Nf5 30. b5 Nxh4 31. Ne4 Rg6 32. bxc6 bxc6 33. Rb1 f5
34. Nc5 Rgg8 35. Reb2 Kc7 36. Rb7+ Kd6 37. Rxf7 Nf3+ 38. Kg2 Ng5 39. Nb7+ Kd5
40. Nxd8 Rxd8 41. Rxa7 Ne4 42. Ra5+ Kc4 43. Ra6 Kd5 44. a5 h4 45. c4+ Kxc4 46.
Rxc6+ Kxd4 47. Rxe6 Rg8 48. a6 hxg3 49. fxg3 Rxg3+ 50. Kh2 Ra3 51. Rb2 Nc5 52.
Rf6 Rxa6 53. Rxf5 Nd3 54. Rbb5 Ke4 55. Ra5 Rxa5 56. Rxa5 Nf4 57. Kg3 Ne2+ 58.
Kg4 Nd4 59. Ra8 Nc6 60. Kg5 Nd4 61. Kg4 Nc6 62. Re8+ Ne5+ 63. Kg3 Kf5 64. Re7
Ke4 65. Kf2 Kf4 66. Re6 Nd3+ 67. Ke2 Ne5 68. Ra6 Ke4 69. Ra4+ Kd5 70. Ra8 Ke4
71. Rd8 Nc6 72. Re8+ Ne5 73. Rxe5+ 1/2-1/2

[Event "Pion Frigant U2000"]
[Site "Contrecoeur CAN"]
[Date "2023.10.08"]
[Round "4.22"]
[White "Parenteau, Francois"]
[Black "Ivanov Yuan, Maksim"]
[Result "1-0"]
[WhiteElo "1810"]
[BlackElo "1457"]
[PlyCount "77"]
[EventDate "2023.10.06"]
[EventType "swiss"]
[EventRounds "5"]
[EventCountry "CAN"]

1. e4 c5 2. Nf3 d6 3. d4 cxd4 4. Nxd4 Nf6 5. Nc3 a6 6. Bc4 e6 7. Bb3 Be7 8. g4
h6 9. Be3 Nbd7 10. Bxe6 Ne5 11. Bxc8 Rxc8 12. Rg1 d5 13. Nf5 O-O 14. exd5 Bb4
15. d6 Rxc3 16. bxc3 Bxc3+ 17. Kf1 Bxa1 18. Qxa1 Qa5 19. Rg3 Kh7 20. Kg1 Nexg4
21. Nxg7 Rg8 22. Bd4 Rxg7 23. Bxf6 Qf5 24. Bd4 Rg6 25. Qd1 Nf6 26. Bxf6 Rxf6
27. Qd3 Qxd3 28. Rxd3 Rg6+ 29. Kf1 Rg8 30. c4 Rd8 31. c5 Kg7 32. Ke2 Kf6 33.
Ke3 Ke6 34. Kd4 b5 35. Re3+ Kd7 36. Kd5 Rg8 37. Re7+ Kd8 38. Rxf7 a5 39. Ra7
1-0

[Event "Pion Frigant U2000"]
[Site "Contrecoeur CAN"]
[Date "2023.10.08"]
[Round "4.23"]
[White "Dumoulin, Sylvain"]
[Black "Kiryakov, Marin"]
[Result "1-0"]
[WhiteElo "1726"]
[BlackElo "1695"]
[PlyCount "49"]
[EventDate "2023.10.06"]
[EventType "swiss"]
[EventRounds "5"]
[EventCountry "CAN"]

1. Nc3 d5 2. e4 d4 3. Nce2 e5 4. Ng3 Be6 5. c3 a6 6. cxd4 exd4 7. f4 c5 8. f5
Bd7 9. Bc4 Bd6 10. Nf3 Bc6 11. d3 Nd7 12. O-O Qc7 13. Nh5 g6 14. Bxf7+ Kxf7 15.
fxg6+ hxg6 16. Ng5+ Ke7 17. Rf7+ Kd8 18. Ne6+ Ke8 19. Nxc7+ Bxc7 20. Qb3 Rxh5
21. Qe6+ Kd8 22. Qxg6 Rh8 23. Bg5+ Kc8 24. Rh7 Rxh7 25. Qxg8+ 1-0

[Event "Pion Frigant U2000"]
[Site "Contrecoeur CAN"]
[Date "2023.10.08"]
[Round "4.24"]
[White "Duplessis, Jean-Roch"]
[Black "Straehl, Patrick"]
[Result "1-0"]
[WhiteElo "1619"]
[BlackElo "1505"]
[PlyCount "105"]
[EventDate "2023.10.06"]
[EventType "swiss"]
[EventRounds "5"]
[EventCountry "CAN"]

1. e4 c5 2. Nf3 d6 3. Bb5+ Bd7 4. Qe2 Bxb5 5. Qxb5+ Qd7 6. Qxd7+ Nxd7 7. O-O
Ngf6 8. Re1 g6 9. c3 Bg7 10. d4 cxd4 11. cxd4 O-O 12. Nc3 h6 13. e5 dxe5 14.
dxe5 Nh7 15. e6 Ndf6 16. exf7+ Rxf7 17. Ne5 Rff8 18. Nxg6 Rfe8 19. Bf4 e6 20.
Rad1 Rad8 21. g3 Ng5 22. Kg2 Nh5 23. Be5 Nf6 24. Nf4 Kf7 25. h4 Ngh7 26. Rxd8
Rxd8 27. Rd1 Rxd1 28. Nxd1 Bf8 29. Nc3 Ng4 30. Nd3 Nxe5 31. Nxe5+ Kg8 32. Ne4
Bg7 33. f4 Nf6 34. Nd6 h5 35. Nxb7 Kf8 36. Nc5 Ke7 37. Ncd3 Kd6 38. Nf7+ Kd5
39. Ng5 Ng4 40. Nb4+ Kd6 41. Ne4+ Ke7 42. Nd3 Nf6 43. Nxf6 Bxf6 44. Ne5 Kd6 45.
Kf3 Kd5 46. b3 a6 47. g4 hxg4+ 48. Kxg4 Kd4 49. h5 Kc3 50. Nd7 Bd4 51. Nb8 a5
52. Nc6 Bb6 53. h6 1-0

[Event "Pion Frigant U2000"]
[Site "Contrecoeur CAN"]
[Date "2023.10.08"]
[Round "5.11"]
[White "Bouchard, Jean-Marc"]
[Black "Crete, Mathys"]
[Result "1-0"]
[WhiteElo "1775"]
[BlackElo "1796"]
[PlyCount "108"]
[EventDate "2023.10.06"]
[EventType "swiss"]
[EventRounds "5"]
[EventCountry "CAN"]

1. b3 Nf6 2. Bb2 g6 3. Bxf6 exf6 4. d4 d5 5. e3 Bd6 6. Bd3 O-O 7. Ne2 Re8 8.
O-O Nd7 9. Nd2 f5 10. Nf3 Nf6 11. c4 c6 12. c5 Bc7 13. b4 a6 14. a4 Ne4 15. Qc2
g5 16. g3 f4 17. exf4 gxf4 18. b5 Bg4 19. Nh4 f3 20. Bxe4 Rxe4 21. Nc3 Rxd4 22.
Nf5 Rc4 23. Nh6+ Kg7 24. Nxg4 Rxg4 25. Qf5 Qg5 26. Qxf3 Rc4 27. bxc6 bxc6 28.
Rad1 Rxc5 29. Rd4 h5 30. h4 Qe5 31. Ne2 Re8 32. Rf4 Re7 33. Nd4 Kf8 34. Nf5 Qe2
35. Qa3 Bb6 36. Nxe7 Qxe7 37. Qa1 d4 38. Qxd4 Qe5 39. Qd7 Qe7 40. Qd1 Rc3 41.
Re1 Rxg3+ 42. Kh2 Rd3 43. Rxe7 Rxd1 44. Rfxf7+ Kg8 45. Rg7+ Kf8 46. Ref7+ Ke8
47. Rb7 Kf8 48. Rh7 Kg8 49. Kg2 Rd2 50. Rbg7+ Kf8 51. Rf7+ Kg8 52. Rhg7+ Kh8
53. Rg5 c5 54. Rxh5+ Kg8 1-0

[Event "Pion Frigant U2000"]
[Site "Contrecoeur CAN"]
[Date "2023.10.08"]
[Round "5.12"]
[White "Peloquin, Charli"]
[Black "Guillemette, Thomas"]
[Result "0-1"]
[WhiteElo "1870"]
[BlackElo "1771"]
[PlyCount "116"]
[EventDate "2023.10.06"]
[EventType "swiss"]
[EventRounds "5"]
[EventCountry "CAN"]

1. a3 e5 2. c4 c6 3. d4 exd4 4. Qxd4 Nf6 5. Nc3 Na6 6. b4 Nc7 7. e4 d6 8. Nf3
Be7 9. h3 O-O 10. Bb2 Re8 11. Rd1 a5 12. b5 Ne6 13. Qe3 Qc7 14. Be2 Nc5 15. O-O
Bf8 16. Nd2 d5 17. cxd5 cxd5 18. Rc1 Qd6 19. Rfd1 d4 20. Nc4 dxe3 21. Nxd6
exf2+ 22. Kh2 Bxd6+ 23. Rxd6 Ncxe4 24. Nxe4 Nxe4 25. Rd4 Bf5 26. b6 Rad8 27.
Rc7 Rxd4 28. Bxd4 Nd6 29. Bf1 Re1 30. Bxf2 Rxf1 31. Bg3 Rd1 32. Bxd6 Rxd6 33.
Rxb7 Kf8 34. Rb8+ Ke7 35. a4 Be4 36. b7 Rb6 37. Ra8 Bxb7 38. Rxa5 Ra6 39. Rc5
Kd6 40. Rc4 Bc6 41. Rh4 h6 42. Rg4 g6 43. Rf4 Ke6 44. Rh4 h5 45. Rc4 Bxa4 46.
h4 Bc6 47. Kg3 Ra3+ 48. Kh2 Bd5 49. Rc2 Ra2 50. Rc1 Rxg2+ 51. Kh3 Rg4 52. Re1+
Be4 53. Re2 f5 54. Re3 Ke5 55. Ra3 f4 56. Ra5+ Bd5 57. Ra3 f3 58. Re3+ Be4 0-1

[Event "Pion Frigant U2000"]
[Site "Contrecoeur CAN"]
[Date "2023.10.08"]
[Round "5.13"]
[White "Chouchane, Amine"]
[Black "Couture-Harpin, Nicolas"]
[Result "1-0"]
[WhiteElo "1957"]
[BlackElo "1746"]
[PlyCount "142"]
[EventDate "2023.10.06"]
[EventType "swiss"]
[EventRounds "5"]
[EventCountry "CAN"]

1. e4 Nf6 2. Nc3 e5 3. Nf3 Nc6 4. Bc4 Nxe4 5. Bxf7+ Kxf7 6. Nxe4 d5 7. Neg5+
Kg8 8. d4 h6 9. Nh3 Bg4 10. dxe5 Nxe5 11. Nf4 c6 12. h3 Nxf3+ 13. gxf3 Bf5 14.
Be3 Be7 15. Qd2 Bf6 16. O-O-O Kh7 17. Nh5 Be7 18. Bd4 Rg8 19. Rhg1 g6 20. Ng3
Qd7 21. Rde1 Rge8 22. Re5 Bg5 23. f4 Rxe5 24. Bxe5 Bh4 25. Nxf5 Qxf5 26. Qb4 b6
27. Qd6 Rc8 28. b3 Rd8 29. Qxc6 Bg5 30. Kb1 Be7 31. Bb2 Rc8 32. Qb7 Qxc2+ 33.
Ka1 Qc7 34. Qxd5 Rf8 35. Be5 Qc5 36. Qe6 g5 37. f5 Qxe5+ 38. Qxe5 Bf6 39. Re1
Kg7 40. Kb1 Bxe5 41. Rxe5 h5 42. Kc2 h4 43. Kd3 Rd8+ 44. Ke4 Rd2 45. Re7+ Kf6
46. Rxa7 Rxf2 47. Ra6 Rf4+ 48. Ke3 Rb4 49. Ra8 Kxf5 50. Rf8+ Ke6 51. Re8+ Kf5
52. Rf8+ Kg6 53. Re8 Kf5 54. Re7 g4 55. hxg4+ Kxg4 56. Rg7+ Kf5 57. Rh7 Kg6 58.
Rh8 Kg7 59. Rb8 h3 60. Kf2 h2 61. Kg2 Rh4 62. Rb7+ Kf8 63. Kh1 Rh6 64. Rc7 Ke8
65. Rc2 Kd7 66. Rxh2 Rxh2+ 67. Kxh2 Kd6 68. Kg3 Kc5 69. Kf3 Kb4 70. Ke4 Ka3 71.
Kd5 Kxa2 1-0

[Event "Pion Frigant U2000"]
[Site "Contrecoeur CAN"]
[Date "2023.10.08"]
[Round "5.14"]
[White "Couture, Jonathan"]
[Black "Brassard, Sylvain"]
[Result "1-0"]
[WhiteElo "1830"]
[BlackElo "1739"]
[PlyCount "125"]
[EventDate "2023.10.06"]
[EventType "swiss"]
[EventRounds "5"]
[EventCountry "CAN"]

1. e4 d5 2. exd5 Qxd5 3. Nc3 Qd6 4. d4 Nf6 5. Nf3 a6 6. Ne5 c5 7. Be3 cxd4 8.
Qxd4 Qxd4 9. Bxd4 e6 10. O-O-O Nbd7 11. Be2 Nxe5 12. Bxe5 Nd7 13. Bg3 f5 14.
Rhe1 Bb4 15. Bc4 Nc5 16. Nd5 Bxe1 17. Nc7+ Kf7 18. Nxa8 Ba5 19. Bc7 Bxc7 20.
Nxc7 Ke7 21. b4 Ne4 22. f3 Nd6 23. Bxe6 Bxe6 24. Re1 Kd7 25. Nxe6 Re8 26. Nc5+
Kc6 27. Rxe8 Nxe8 28. Kd2 a5 29. Nd3 a4 30. c4 b5 31. Kc3 bxc4 32. Ne5+ Kb5 33.
Nxc4 g6 34. a3 Nc7 35. g3 Ne6 36. f4 Kc6 37. Kd3 Nc7 38. Nb2 Nb5 39. Nxa4 Nxa3
40. Nc3 Kb6 41. h4 Kc6 42. Kd4 Nc2+ 43. Ke5 Nxb4 44. Kf6 Kd6 45. Kg7 Ke6 46.
Kxh7 Kf7 47. Nb5 Nd5 48. Nd6+ Kf6 49. Nc4 Nc3 50. Ne5 Ne4 51. Nxg6 Nxg3 52. Ne5
Ne2 53. Nd3 Kf7 54. Kh6 Kf6 55. h5 Ng3 56. Ne5 Ne2 57. Ng6 Ng3 58. Nf8 Ne2 59.
Nh7+ Kf7 60. Kg5 Nd4 61. h6 Ne6+ 62. Kxf5 Nxf4 63. Ng5+ 1-0

[Event "Pion Frigant U2000"]
[Site "Contrecoeur CAN"]
[Date "2023.10.08"]
[Round "5.15"]
[White "Auersperg, Leo"]
[Black "Forget, Luc"]
[Result "0-1"]
[WhiteElo "1590"]
[BlackElo "1756"]
[PlyCount "38"]
[EventDate "2023.10.06"]
[EventType "swiss"]
[EventRounds "5"]
[EventCountry "CAN"]

1. e4 e5 2. Nf3 Nc6 3. d4 exd4 4. Nxd4 Bc5 5. Nb3 Bb6 6. Nc3 Nf6 7. Qe2 O-O 8.
Bg5 Nd4 9. Qd3 Nxb3 10. axb3 Bxf2+ 11. Kxf2 Ng4+ 12. Ke1 Qxg5 13. Be2 Ne5 14.
Qg3 Qxg3+ 15. hxg3 c6 16. Kf2 f5 17. Ke3 fxe4 18. Nxe4 d5 19. Nf2 d4+ 0-1

[Event "Pion Frigant U2000"]
[Site "Contrecoeur CAN"]
[Date "2023.10.08"]
[Round "5.16"]
[White "Democri, Fardin"]
[Black "Scott, Benjamin"]
[Result "1-0"]
[WhiteElo "1739"]
[BlackElo "1637"]
[PlyCount "71"]
[EventDate "2023.10.06"]
[EventType "swiss"]
[EventRounds "5"]
[EventCountry "CAN"]

1. e4 c6 2. Nc3 d5 3. d4 dxe4 4. Nxe4 Bf5 5. Ng3 Bg6 6. h4 h6 7. Nf3 Nd7 8. Bd3
Bxd3 9. Qxd3 e6 10. Bf4 Qa5+ 11. c3 Ngf6 12. Ne5 Nd5 13. Qf3 N7f6 14. O-O Nxf4
15. Qxf4 Be7 16. Nh5 Rg8 17. Nxf6+ gxf6 18. Ng4 f5 19. Ne5 Qd5 20. f3 f6 21.
Nd3 O-O-O 22. Rad1 Bd6 23. Qe3 e5 24. Qxh6 e4 25. Nf4 exf3 26. Nxd5 Rxg2+ 27.
Kh1 Rh2+ 28. Kg1 Rg8+ 29. Qg5 fxg5 30. Ne7+ Bxe7 31. Kxh2 Bd6+ 32. Kg1 gxh4+
33. Kf2 Rg2+ 34. Kxf3 Rxb2 35. Ke3 f4+ 36. Kf3 1-0

[Event "Pion Frigant U2000"]
[Site "Contrecoeur CAN"]
[Date "2023.10.08"]
[Round "5.17"]
[White "Mangahas, Ronald"]
[Black "Porlier, Xavier"]
[Result "1-0"]
[WhiteElo "1873"]
[BlackElo "1557"]
[PlyCount "51"]
[EventDate "2023.10.06"]
[EventType "swiss"]
[EventRounds "5"]
[EventCountry "CAN"]

1. e4 e5 2. Nf3 Nc6 3. d4 exd4 4. Nxd4 Bc5 5. Be3 Qf6 6. c3 Nge7 7. Bc4 Ne5 8.
Be2 Qg6 9. O-O O-O 10. Nd2 d5 11. Nf5 Nxf5 12. Bxc5 Nh4 13. g3 Re8 14. Bd4 Bh3
15. Bh5 Qc6 16. gxh4 Bxf1 17. Qxf1 dxe4 18. Qg2 g6 19. Re1 f5 20. Bd1 Nd3 21.
Re3 Nxb2 22. Bb3+ Kf8 23. Qg5 a5 24. h5 a4 25. Bc5+ Qxc5 26. Qf6# 1-0

[Event "Pion Frigant U2000"]
[Site "Contrecoeur CAN"]
[Date "2023.10.08"]
[Round "5.18"]
[White "Roy, Stephane"]
[Black "Parenteau, Francois"]
[Result "1/2-1/2"]
[WhiteElo "1634"]
[BlackElo "1810"]
[PlyCount "80"]
[EventDate "2023.10.06"]
[EventType "swiss"]
[EventRounds "5"]
[EventCountry "CAN"]

1. Nf3 d5 2. e3 Nf6 3. c4 c6 4. Nc3 e6 5. b3 Nbd7 6. Bb2 Bd6 7. Qc2 O-O 8. Bd3
e5 9. Ng5 e4 10. Be2 h6 11. Nh3 Ne5 12. O-O-O Bf5 13. Nf4 g5 14. d4 gxf4 15.
dxe5 Bxe5 16. g4 Bg6 17. h4 fxe3 18. fxe3 Qb6 19. g5 Qxe3+ 20. Kb1 Nh5 21. Bxh5
Bxh5 22. Rdg1 Rad8 23. gxh6+ Kh7 24. Nxd5 cxd5 25. Bxe5 f6 26. Bb2 Rg8 27. Qh2
Bf3 28. Bxf6 Rd7 29. Rxg8 Bxh1 30. Qxh1 Kxg8 31. Qg2+ Kh7 32. Qg4 Rf7 33. Qf5+
Kg8 34. h7+ Rxh7 35. Qg6+ Kf8 36. Qxh7 Qd3+ 37. Kc1 Qf1+ 38. Kd2 Qf2+ 39. Kd1
Qf1+ 40. Kc2 Qd3+ 1/2-1/2

[Event "Pion Frigant U2000"]
[Site "Contrecoeur CAN"]
[Date "2023.10.08"]
[Round "5.19"]
[White "St-Germain, Jack"]
[Black "Dumoulin, Sylvain"]
[Result "1-0"]
[WhiteElo "1603"]
[BlackElo "1726"]
[PlyCount "45"]
[EventDate "2023.10.06"]
[EventType "swiss"]
[EventRounds "5"]
[EventCountry "CAN"]

1. a3 Nc6 2. d4 e5 3. dxe5 Nxe5 4. e4 Nf6 5. Nc3 Bc5 6. Bf4 Ng6 7. Bg3 d6 8.
Bd3 h5 9. h3 Bd7 10. Nf3 h4 11. Bh2 Bc6 12. Qd2 Qe7 13. O-O-O O-O-O 14. Rde1
Ne5 15. Ng5 a6 16. f4 Nxd3+ 17. cxd3 Nh5 18. d4 f6 19. Nf3 Ba7 20. Nxh4 Qf7 21.
d5 Bb5 22. f5 g5 23. fxg6 1-0